| 000 | 02556cam a22004454a 4500 | ||
|---|---|---|---|
| 999 |
_c117226 _d117226 |
||
| 001 | 16766736 | ||
| 003 | BJBSDDR | ||
| 005 | 20230411090830.0 | ||
| 006 | a|||||r|||| 00| 0 | ||
| 007 | ta | ||
| 008 | 100917s2013 it a b 001 0 ita d | ||
| 010 | _a 2010465565 | ||
| 020 | _a9788804631859 | ||
| 020 | _a8804631856 | ||
| 035 | _a(ItFiC)it 10311971 | ||
| 040 |
_aItFiC _cItFiC _dDLC _beng |
||
| 041 | _aita | ||
| 042 | _alccopycat | ||
| 043 |
_ae-it--- _ae-vc--- |
||
| 050 | 1 | 4 |
_aBX 1548 _bA921s 2013 |
| 100 | 1 |
_aAugias, Corrado, _925435 _d1935- |
|
| 245 | 1 | 2 |
_aI segreti del Vaticano : _bstorie, luoghi, personaggi di un potere millenario / _cCorrado Augias. |
| 250 | _a1. ed. | ||
| 260 |
_aMilano : _bOscar Mondadori, _c2010. |
||
| 300 |
_a385 pages, 24 unnumbered pages of plates : _billustrations (some color) ; _c20 cm. |
||
| 440 | 0 |
_928096 _aOscar bestsellers |
|
| 504 | _aIncludes bibliographical references (p. [363]-365) and index. | ||
| 520 | _a"Dopo aver raccontato i "segreti" di varie metropoli - Parigi, New York, Londra e Roma - Corrado Augias rivolge ora la sua attenzione a quelli, quasi impenetrabili e gelosamente serbati, della Santa Sede. Anche qui le pietre parlano, ma più rivelatrici ancora sono le storie di coloro che, nel corso dei secoli, hanno abitato questi palazzi. La galleria dei personaggi comprende templari, gesuiti, inquisitori e membri della potente Opus Dei, ma anche artisti, concubine e regine. E, naturalmente, i papi: dall'umile Celestino V all'arrogante Bonifacio VIII, dal discusso Pio XII al mite ma "rivoluzionario" Giovanni Paolo I. Un tratto sembra legare, agli occhi dell'autore, tutte queste vicende: la commistione fra cielo e terra, fra spiritualità e potere temporale, e il prezzo altissimo che la Chiesa cattolica ha pagato e paga nel tentativo di conciliare due realtà difficilmente compatibili"--Http://www.librimondadori.it/libri/i-segreti-del-vaticano-corrado-augias | ||
| 546 | _aIn Italian | ||
| 610 | 2 | 0 |
_aCatholic Church _zItaly _zRome _xHistory. |
| 610 | 2 | 4 |
_aIglesia Católica _xHistoria _zItalia _99932 |
| 650 | 4 |
_9546 _aHistoria de la iglesia _zRoma (Italia) |
|
| 651 | 0 |
_aRome (Italy) _xChurch history. |
|
| 651 | 0 |
_aVatican City _xHistory. |
|
| 651 | 4 |
_aCiudad del Vaticano _xHistoria _923367 |
|
| 856 | 4 | 1 |
_3Table of contents only _uhttp://www.loc.gov/catdir/toc/casalini08/10311971.pdf |
| 906 |
_a7 _bcbc _ccopycat _du _encip _f20 _gy-gencatlg |
||
| 942 |
_2lcc _cBK |
||